Text Book of Engineering Material and Metallurgy (Record no. 6025)

MARC details
000 -LEADER
fixed length control field 00330nam a2200121Ia 4500
008 - FIXED-LENGTH DATA ELEMENTS--GENERAL INFORMATION
fixed length control field 191201s2013 xx 000 0 und d
100 ## - MAIN ENTRY--PERSONAL NAME
Personal name WADHWA, Amandeep singh
245 #0 - TITLE STATEMENT
Title Text Book of Engineering Material and Metallurgy
260 ## - PUBLICATION, DISTRIBUTION, ETC. (IMPRINT)
Place of publication, distribution, etc N. Delhi
Name of publisher, distributor, etc University Press
Date of publication, distribution, etc 2013
300 ## - PHYSICAL DESCRIPTION
Extent 465
650 ## - SUBJECT ADDED ENTRY--TOPICAL TERM
Topical term or geographic name as entry element B.Tech(ME)
942 ## - ADDED ENTRY ELEMENTS (KOHA)
Source of classification or shelving scheme Dewey Decimal Classification
Koha item type Text Books
Holdings
Withdrawn status Lost status Source of classification or shelving scheme Damaged status Not for loan Collection code Home library Current library Date acquired Source of acquisition Cost, normal purchase price Bill Number Total Checkouts Full call number Acc. no. / Barcode Date last seen Bill Date Koha item type Actual Cost, discounted price
    Dewey Decimal Classification     B.Tech(ME) PIET C-LIBRARY PIET C-LIBRARY 18/07/2012 IBH, New Delhi 295.00 5735   620.119 WAE 20556 04/12/2019 14/07/2012 Text Books  
    Dewey Decimal Classification     B.Tech(ME) PIET C-LIBRARY PIET C-LIBRARY 18/07/2012 IBH, New Delhi 295.00 5735   620.119 WAE 20557 04/12/2019 14/07/2012 Text Books  
    Dewey Decimal Classification     B.Tech(ME) PIET C-LIBRARY PIET C-LIBRARY 18/07/2012 IBH, New Delhi 295.00 5735   620.119 WAE 20558 04/12/2019 14/07/2012 Text Books  
    Dewey Decimal Classification     B.Tech(ME) PIET C-LIBRARY PIET C-LIBRARY 18/07/2012 IBH, New Delhi 295.00 5735   620.119 WAE 20559 04/12/2019 14/07/2012 Text Books  
    Dewey Decimal Classification     B.Tech(ME) PIET C-LIBRARY PIET C-LIBRARY 27/09/2014 KIRTI PRAKASHAN, NEW DELHI 350.00 IN2078   620.119 WAE 25010 04/12/2019 12/01/2015 Text Books 259.00

Design & Developed by: PIET Central Library
R70 Miles Stone Pattikalyana Samalkha Panipat 132102
mail ID :- [email protected], Phone No:- 0180-2569700 Ex.216